| 000 | 00697nam a22001817a 4500 | ||
|---|---|---|---|
| 003 | BD-DhUL | ||
| 005 | 20180517101959.0 | ||
| 008 | 180517s1919 ii ||||| |||| 00| 0 ben d | ||
| 040 |
_aBD-DhUL _cBD-DhUL |
||
| 082 |
_a891.443 _b ABS |
||
| 100 | 1 | _aভট্টাচার্য, আশুতোষ | |
| 245 | 1 | 0 |
_aসীতানাথ বা গৃহস্থ - সন্ন্যাসী / _cআশুতোষ ভট্টাচার্য |
| 260 |
_aকলিকাতা : _bমানসী প্রেস, _c১৯১৯ |
||
| 300 |
_a৩০৮ পৃ. ; _c১৯ সেমি. |
||
| 650 | 4 | _aবাংলা উপন্যাস | |
| 650 | 4 | _aBengali fiction | |
| 942 |
_2ddc _cBK |
||
| 999 |
_c241338 _d241338 |
||